Tilastot visalle Helsingin katuja 5: Punavuori

Klikkaa tästä pelataksesi tätä visaa!

Yleistilastot

  • Tätä visaa on pelattu 12 kertaa
    (10 viimeisimmän päivityksen jälkeen)
  • Keskiarvotulos 12 / 25

Vastaustilastot

nimi% Oikein
katuPunavuorenkatu – Rödbergsgatan
86%
katuFredrikinkatu – Fredriksgatan
86%
katuAlbertinkatu – Albertsgatan
71%
katuMerimiehenkatu – Sjömansgatan
71%
katuIso Roobertinkatu – Stora Robertsgatan
71%
katuPursimiehenkatu – Båtsmansgatan
71%
katuPerämiehenkatu – Styrmansgatan
71%
katuBulevardi – Bulevarden
57%
katuUudenmaankatu – Nylandsgatan
57%
katuTehtaankatu – Fabriksgatan
57%
katuSepänkatu – Smedsgatan
57%
katuRatakatu – Bangatan
57%
katuAnnankatu – Annegatan
57%
katuYrjönkatu – Georgsgatan
43%
katuLaivurinkatu – Skepparegatan
43%
katuKankurinkatu – Vävaregatan
43%
katuLaivurinrinne – Skepparebrinken
29%
katuKivenhakkaajankatu – Stenhuggaregatan
29%
katuSinebrychoffinkatu – Sinebrychoffsgatan
29%
katuTelakkakatu – Docksgatan
29%
aukioFredrikintori – Fredrikstorget
29%
katuMallaskatu – Maltgatan
29%
katuMunkkisaarenkatu – Munkholmsgatan
14%
katuHietalahdenranta – Sandvikskajen
14%
katuHietalahdenlaituri – Sandvikspiren
14%

Tulosjakauma

Persentiili vastausten määrän mukaan

Jokaisen tuloksen saaneiden osuus

Tuloshistoriasi

Et ole pelannut tätä visaa sen viimeisimmän päivityksen jälkeen